00417nam a22001337a 450000500170000000800410001704100120005808200120007010000120008224500460009426000860014030000320022665000250025820240513103912.0240513b |||||||| |||| 00| 0 eng d aEnglish a347 LAW lEnglish aThe Law Reports : Queen's Bench Division  aLondon: bThe Incorporated Council of Law Reporting for England and Wales, c1997 bxxxi, 1051 pages; c25 cm.  aLegal practicebLaw